000
00306cam a22001217a 4500
008
180718b1966 xxu||||| |||| 00| 0 eng d
082
_a
Q1 V449
100
_a
Vasudevamoorthy, M.
245
_a
Social action
_c
by M. Vasudevamoorthy
260
_a
Bombay
_b
Asia
_c
1966
300
_a
89p.
650
_a
Social work
999
_c
432123
_d
432123